A foreign economic policy for the 1970's

Saved in:
Bibliographic Details
Format: Book
Language:Undetermined
Published: Washington 1970
Subjects:
Tags: Add Tag
No Tags, Be the first to tag this record!
Institutions: Trung tâm Học liệu Trường Đại học Cần Thơ
LEADER 00429nam a2200157Ia 4500
001 CTU_84349
008 210402s9999 xx 000 0 und d
082 |a 338.973 
082 |b F714 
245 2 |a A foreign economic policy for the 1970's 
260 |a Washington 
260 |c 1970 
650 |a United States 
650 |x Commercial policy 
904 |i Qhieu(sửa) 
980 |a Trung tâm Học liệu Trường Đại học Cần Thơ